The nationalities question : (Record no. 63799)
[ view plain ]
| 000 -LEADER | |
|---|---|
| fixed length control field | 00896nam a2200253 a 4500 |
| 001 - CONTROL NUMBER | |
| control field | 63799 |
| 003 - CONTROL NUMBER IDENTIFIER | |
| rucl marc code | BD-RjUL |
| 005 - DATE AND TIME OF LATEST TRANSACTION | |
| control field | 20211209081232.0 |
| 008 - FIXED-LENGTH DATA ELEMENTS--GENERAL INFORMATION | |
| fixed length control field | 170204s1983 Mos b 000 0 eng |
| 035 ## - SYSTEM CONTROL NUMBER | |
| System control number | (BD-RjUL)63929 |
| 040 ## - CATALOGING SOURCE | |
| Original cataloging agency | DLC |
| Transcribing agency | DLC |
| Modifying agency | BD-RjUL |
| Language of cataloging | eng |
| 041 1# - LANGUAGE CODE | |
| Language code of text/sound track or separate title | engrus |
| 082 00 - DEWEY DECIMAL CLASSIFICATION NUMBER | |
| Classification number | 947.0841 |
| Edition number | 23 |
| Author mark and year | GIN 1983 |
| 100 1# - MAIN ENTRY--PERSONAL NAME | |
| Personal name | Gililov, S. S. |
| Fuller form of name | (Solomon Samuilovich) |
| 9 (RLIN) | 176591 |
| 245 14 - TITLE STATEMENT | |
| Title | The nationalities question : |
| Remainder of title | Lenin's approach : theory and practice in the USSR / |
| Statement of responsibility, etc. | S. Gililov ; |
| 260 ## - PUBLICATION, DISTRIBUTION, ETC. (IMPRINT) | |
| Place of publication, distribution, etc. | Moscow : |
| Name of publisher, distributor, etc. | Progress Publishers, |
| Date of publication, distribution, etc. | c1983. |
| 300 ## - PHYSICAL DESCRIPTION | |
| Pagination | 189 p. ; |
| Size | 17 cm. |
| 504 ## - BIBLIOGRAPHY, ETC. NOTE | |
| Bibliography, etc | Includes bibliographical references. |
| 600 10 - SUBJECT ADDED ENTRY--PERSONAL NAME | |
| Personal name | Lenin, Vladimir Ilʹich, |
| Dates associated with a name | 1870-1924. |
| 650 #0 - SUBJECT ADDED ENTRY--TOPICAL TERM | |
| Topical term or geographic name as entry element | Nationalism and socialism |
| Geographic subdivision | Soviet Union. |
| 9 (RLIN) | 189391 |
| 856 ## - ELECTRONIC LOCATION AND ACCESS | |
| Materials specified | Library of political knowledge, bk. 14. |
| 942 ## - ADDED ENTRY ELEMENTS (KOHA) | |
| Source of classification or shelving scheme | Dewey Decimal Classification |
| Koha item type | Books |
| Lost status | Source of classification or shelving scheme | Damaged status | Not for loan | Collection code | Permanent Location | Current Location | Shelving location | Date acquired | Source of acquisition | Cost, normal purchase price | Total Checkouts | Full call number | Date last seen | Copy number | Koha item type |
|---|---|---|---|---|---|---|---|---|---|---|---|---|---|---|---|
| Dewey Decimal Classification | Not For Loan | Non-fiction | Central Library, University of Rajshahi | Central Library, University of Rajshahi | Reading Room | 11/05/1986 | N/A | 0.00 | 947.0841 GIN 1983 | 04/02/2017 | C-1 | Books |